000 00560nam a2200157 4500
999 _c17124
_d17124
008 220607b ||||| |||| 00| 0 eng d
022 _a0732-8435
082 _aDPer 657.05 C33 Jan - Apr 2011, v. 81 n 1 - 4
100 _aBrighenti, William.
_945499
245 _aFinding clarity in the IRS's position on barter transactions/
_cWilliam Brighenti.
260 _aNew York:
_bThe New York State Society of CPA,
_c2011.
300 _aV81 n1, pages 36-39:
_billustrations;
_c28 cm.
500 _aThe CPA Journal.
650 _aTaxation.
_945500
942 _2ddc
_cPER